| 000 | 00527nam a22001817a 4500 | ||
|---|---|---|---|
| 008 | 230612b |||||||| |||| 00| 0 eng d | ||
| 020 | _a9780387308425 | ||
| 040 |
_aNational Science Library _cNational Science Library |
||
| 080 |
_aR 550.8(03) _bM4 |
||
| 245 | _aEncyclopedia of Applied Geology | ||
| 260 |
_aBoston: _bSpringer, _c1984 |
||
| 300 | _axxviii, 644p. | ||
| 490 |
_a Encyclopedia of earth sciences _vxiii |
||
| 650 | _aScience | ||
| 653 | _aGeology | ||
| 700 | _aFinkl, Charles W (Ed.) | ||
| 942 |
_2udc _cENC |
||
| 999 |
_c42278 _d42278 |
||